| 000 | 01188nam2a22002891 4500 | ||
|---|---|---|---|
| 001 | v19\rc\1890635 | ||
| 005 | 20251118180402.4 | ||
| 035 | _a(NLR Aleph) 004978158 | ||
| 090 |
_a6156516 _c6156516 |
||
| 100 | _a20251123 rusy50 | ||
| 101 | 1 |
_arus _cfre |
|
| 102 | _aRU | ||
| 105 | _ay z |||a| | ||
| 200 | 1 |
_a[Декорация жизни _eРоман _fПер. Ю. Слонимской] |
|
| 215 | _a365 с. | ||
| 300 | _aЭкз. РНБ (129/1454): деф.: отсутствует общ. тит. л. | ||
| 461 | 0 |
_1001v19\rc\1890633 _12001#$aПолное собрание сочинений$fПоль Адан$gПод ред. Зин. Венгеровой. Т. 2-4, 8-9$vТ. 2 _1700#1$aАдан$bП.$f1862-1920$gПоль _96156497 _aАдан, П. (1862-1920) _cМосква _d1910-1912 _fПоль Адан _nСфинкс _tПолное собрание сочинений _vТ. 2 |
|
| 540 | 1 | _aДекорация жизни | |
| 702 | 1 |
_aСлонимская _bЮ. _4730 |
|
| 801 | 0 |
_aRU _bNLR _gpsbo |
|
| 801 | 0 |
_aRU _bRuMoRGB _2psbo |
|
| 801 | 1 |
_aRU _bProSoft-M _2rusmarc |
|
| 852 |
_aNLR _j129/1454 |
||
| 852 |
_aNLR _j38.77.5.150 |
||
| 899 | _aБАН | ||
| 942 | _cBOOK | ||
| 980 | _aNB | ||